000 00350nam a2200145 i 4500
001 bg
100 1 _aDROZDOV, N. D.
245 0 _aLinejnaja algebra v teorii uravnivanija izmerenij /
_cN.D. Drozdov.
260 _aMoskva,
_c1973.
040 _cBPK
041 _apol
080 _a512.64
942 _cKS
008 s pl f |000 0 pol
999 _c25722
_d25722
856 _uhttp://koha.tu.koszalin.pl/cgi-bin/koha/opac-detail.pl?biblionumber=25722
_yKatalog online BPK